Tutti gli album di Marracash - Statistics

Statistiche generali
  • Questo quiz è stato fatto 33 volte
  • Il punteggio medio è 5 su 9
Statistiche sulle risposte
Anno Risposta % Corretto
2019 Persona
88%
2021 NOI, LORO, GLI ALTRI
83%
2008 Marracash
63%
2016 Santeria
63%
2025 È FINITA LA PACE
58%
2011 King Del Rap
58%
2015 Status
54%
2010 Fino a qui tutto bene
25%
2011 Roccia Music 2
17%
Nessun quiz corrispondente trovato
Distribuzione punteggi
Percentuale di utenti per punteggio
Percentile per numero di risposta
I tuoi punteggi nel tempo
Non hai fatto questo quiz